Operational aspects of regional development planning with particular reference to cross-border planning and programmes: experience of the European Union

Gespeichert in:
Bibliographische Detailangaben
1. Verfasser: Buček, Milan
Format: Buchkapitel
Sprache:Englisch
Tags: Tag hinzufügen
Keine Tags, Fügen Sie das erste Tag hinzu!

MARC

LEADER 00000naa$a2200000$$$4500
001 0063292
005 20240502083151.6
041 0 |a eng 
044 |a DE 
245 1 0 |a Operational aspects of regional development planning with particular reference to cross-border planning and programmes: experience of the European Union  |c Milan Buček 
100 1 |a Buček, Milan